Al-Amin : riwayat terindah sang kekasih Allah

Bibliographic Details
Main Author: A. Samad Said
Format: Book
Published: Selangor : PTS Publishing , 2011
Subjects:

MARC

LEADER 00000cam a2200000 7i4500
001 0000031198
005 20111012.0
008 111012
020 |a 9675136894 
090 0 0 |a 899.2313   |b ASA 
100 1 |a A. Samad Said 
245 1 0 |a Al-Amin :   |b riwayat terindah sang kekasih Allah   |c A. Samad Said 
260 |a Selangor :   |b PTS Publishing ,   |c 2011 
650 0 |a Israel   |x politics and goverment 
650 0 |a Malay Poetry   |x collections 
999 |a 0001126098   |b Book   |c Adult Collection   |e Perbadanan Perpustakaan Awam Johor 
999 |a 0001262083   |b Book   |c Adult Collection   |e Perbadanan Perpustakaan Awam Johor